| 000 | 00770nam a2200241Ia 4500 | ||
|---|---|---|---|
| 003 | OSt | ||
| 005 | 20220923212048.0 | ||
| 006 | a|||||r|||| 00| 0 | ||
| 007 | ta | ||
| 008 | 220922b |||||||| |||| 00| 0 hin d | ||
| 024 | _a150,433 | ||
| 037 | _cTextual | ||
| 040 |
_aARTS _cARTS _bhin |
||
| 041 |
_2hin _ahin |
||
| 082 | _aD65:41, 152K3 | ||
| 100 | _aहोनुग, जे एल | ||
| 245 | 0 | _aरेडार परिचय, विश्वेश्वर दयाल अनु | |
| 246 | _aReḍār parichaya, vishveshvar dayāl anu0 | ||
| 260 | _c1963 | ||
| 490 | _aहिन्दी समिति ग्रंथमाला 70 | ||
| 942 |
_hD65:41, 152K3 _cTEXL _2CC |
||
| 999 |
_c306113 _d306113 |
||